The president's murderer / (Record no. 9102)

MARC details
000 -LEADER
fixed length control field 01172nam a22002777a 4500
001 - CONTROL NUMBER
control field 9102
003 - CONTROL NUMBER IDENTIFIER
control field FISKH
005 - DATE AND TIME OF LATEST TRANSACTION
control field 20251120133915.0
008 - FIXED-LENGTH DATA ELEMENTS--GENERAL INFORMATION
fixed length control field 251120b cb ||||| |||| 00| 0 eng d
020 ## - INTERNATIONAL STANDARD BOOK NUMBER
International Standard Book Number 9780194789172
040 ## - CATALOGING SOURCE
Original cataloging agency FISKH
Language of cataloging eng
Transcribing agency FISKH
Modifying agency FISKH
050 ## - LIBRARY OF CONGRESS CALL NUMBER
Classification number PE1126.A4 B377
082 ## - DEWEY DECIMAL CLASSIFICATION NUMBER
Classification number 428
100 ## - MAIN ENTRY--PERSONAL NAME
Personal name Bassett, Jennifer
Relator term Author
245 ## - TITLE STATEMENT
Title The president's murderer /
Statement of responsibility, etc. Jennifer Bassett
260 ## - PUBLICATION, DISTRIBUTION, ETC.
Place of publication, distribution, etc. New York :
Name of publisher, distributor, etc. Oxford University Press ,
Date of publication, distribution, etc. 2008
300 ## - PHYSICAL DESCRIPTION
Extent 56 pages :
Other physical details illustrations ;
Dimensions 20 cm
505 ## - FORMATTED CONTENTS NOTE
Formatted contents note G<br/>
520 ## - SUMMARY, ETC.
Summary, etc. The President is dead! A man is running in the night. He is afraid and needs to rest. But there are people behind him, people with lights, and dogs, and guns. A man is standing in front of a desk. His boss is very angry, and the man is tired and needs to sleep. But first he must find the other man and bring him back, dead or alive. Two men: the hunter and the hunted. Which will win and which will lose? Long live the President!<br/>
521 8# - TARGET AUDIENCE NOTE
Target audience note 340<br/>
Source Lexile<br/>
521 8# - TARGET AUDIENCE NOTE
Target audience note G<br/>
Source Raz-Plus<br/>
650 ## - SUBJECT ADDED ENTRY--TOPICAL TERM
Topical term or geographic name entry element Crime
Form subdivision Oxford Bookworms
700 ## - ADDED ENTRY--PERSONAL NAME
Personal name Dickinson, Paul
Relator term Illustrator
942 ## - ADDED ENTRY ELEMENTS (KOHA)
Source of classification or shelving scheme Dewey Decimal Classification
Koha item type Books
Suppress in OPAC No
Holdings
Withdrawn status Lost status Source of classification or shelving scheme Damaged status Not for loan Collection Home library Current library Shelving location Date acquired Total Checkouts Full call number Barcode Date last seen Copy number Price effective from Koha item type
    Dewey Decimal Classification     Juvenile Fiction Footprints International School Library Network Toul Tom Poung Campus Footprints International School Library Network Toul Tom Poung Campus TTP Primary Green Bookshelves 11/20/2025   BAS 428 PE1126.A4 B377 2025-4848 11/20/2025 1 11/20/2025 Books